Řízení projektů : nejlepší praktiky s ukázkami v Microsoft Office / Drahoslav Dvořák
Record details
- ISBN: 978-80-251-1885-6
- Physical Description: 244 s. : il. ; 23 cm
- Edition: Vyd. 1.
- Publisher: Brno : Computer Press, 2008
Content descriptions
| General Note: | Terminologický slovník Obsahuje rejstřík |
Search for related items by subject
| Subject: | projektový management project management |
| Genre: | příručky handbooks and manuals |
Available copies
- 1 of 1 copy available at Common Catalog SPOK.
Holds
- 0 current holds with 1 total copy.
Show Only Available Copies
| Location | Call Number / Copy Notes | Barcode | Shelving Location | Status | Due Date |
|---|---|---|---|---|---|
| Jabok Library | Soc-8.2 | 424480045365 | Odborná literatura | Available | - |
| LDR | 01068nam a2200337 a 4500 | ||
|---|---|---|---|
| 001 | 56896 | ||
| 003 | CZ-PrJAB | ||
| 005 | 20081008155635.0 | ||
| 007 | ta | ||
| 008 | 080728s2008 xr a e f 001 0 cze | ||
| 015 | . | ‡acnb001811312 | |
| 020 | . | ‡a978-80-251-1885-6 ‡q(brož.) | |
| 035 | . | ‡a(CZ PrNK)nkc20081811312 | |
| 035 | . | ‡a(OCoLC)244816815 | |
| 040 | . | ‡aABA001 ‡bcze | |
| 072 | 7. | ‡a005 ‡xManagement. Řízení ‡2Konspekt ‡94 | |
| 080 | . | ‡a005.8 ‡2MRF | |
| 080 | . | ‡a(035) ‡2MRF | |
| 100 | 1 | . | ‡aDvořák, Drahoslav, ‡d1979- ‡7mzk2008453368 ‡4aut |
| 245 | 1 | 0. | ‡aŘízení projektů : ‡bnejlepší praktiky s ukázkami v Microsoft Office / ‡cDrahoslav Dvořák |
| 250 | . | ‡aVyd. 1. | |
| 260 | . | ‡aBrno : ‡bComputer Press, ‡c2008 | |
| 300 | . | ‡a244 s. : ‡bil. ; ‡c23 cm | |
| 500 | . | ‡aTerminologický slovník | |
| 500 | . | ‡aObsahuje rejstřík | |
| 650 | 0 | 7. | ‡aprojektový management ‡7ph115894 ‡2czenas |
| 650 | 0 | 9. | ‡aproject management ‡2eczenas |
| 655 | 7. | ‡apříručky ‡7fd133209 ‡2czenas | |
| 655 | 9. | ‡ahandbooks and manuals ‡2eczenas | |
| 910 | . | ‡aABG312 | |
| 995 | . | ‡aska | |
| 901 | . | ‡a56896 ‡bAUTOGEN ‡c56896 ‡tbiblio | |